00925cam a2200205 a 450000100100000000500170001000800410002704000300006808200200009810000410011824501070015926001470026630000330041350000430044650400420048965000460053165000460057765000450062374000510066800001358420200929163258.0780928s1977 ve ab b f001 0 spa  aDO-SdBNPbspacDLCdBNPHU a338.8287bA674h1 aArcila Farías, Eduardo.d1912-199610aHistoria de un monopolio :bel estanco del tabaco en Venezuela (1779-1833) /cEduardo Arcila Farías. aCaracas, Venezuela :bFacultad de Humanidades y Educación, Instituto de Estudios Hispanoamericanos, Universidad Central de Venezuela,c1977. a364 p. :bil. mapa ;c22 cm. a"Apéndice documental": p. [305]-364. aIncluye referencias bibliográficas. 4aIndustria del tabacozVenezuelaxHistoria 4aGobiernos monopolioszVenezuelaxHistoria 4aGobiernos monopolioszEspañaxHistoria3 aEl estanco del tabaco en Venezuela, 1779-1833.